📖150 premiers mots "Les Âmes vagabondes" S. Meyer #1 prologue - Statistiques

Statistiques générales
  • Ce quiz a Ă©tĂ© pris 6 fois
  • Le rĂ©sultat moyen est 74 sur 150
Statistiques - réponses
Mots % Correct
Ă 
100%
a
100%
C'
100%
âme,
83%
âme
83%
ce
83%
d'
83%
dans
83%
Darren,
83%
de
83%
en
83%
il
83%
Il
83%
- Ils
83%
ils
83%
Je
83%
L'
83%
l'
83%
la
83%
Le
83%
le
83%
les
83%
March',
83%
Marche-sur-les-Eaux.
83%
Marche-sur-les-Eaux
83%
n'
83%
N'
83%
qu'
83%
qui
83%
s'
83%
t-
83%
et
67%
Et
67%
était
67%
était,
67%
lui.
67%
lui
67%
ne
67%
ni
67%
par
67%
pas
67%
plus
67%
pour
67%
que
67%
tout :
67%
un
67%
une
67%
- Une
67%
appelait
50%
du
50%
faire
50%
Parce
50%
parce
50%
quelle
50%
rien
50%
son
50%
sont
50%
bon
33%
importe
33%
nature,
33%
parfois
33%
vivait
33%
vois
33%
agacement
17%
amour.
17%
anxiété
17%
apprendre
17%
assistant,
17%
aujourd'hui ! ...
17%
basse.
17%
bloc
17%
bouche
17%
cas
17%
Centre
17%
chuchotaient
17%
coin
17%
compassion
17%
corps
17%
curieux,
17%
émotion
17%
émotionnel
17%
encore.
17%
entendant
17%
épaule.
17%
espèrent
17%
étudiants
17%
exceptionnel.
17%
expliqua-
17%
gagnait
17%
humain,
17%
inévitable.
17%
inhabituelle
17%
insertion
17%
intéressant,
17%
irritation
17%
lèvres
17%
mesuré
17%
moue
17%
ordinaire
17%
pétri
17%
pinça
17%
saurait
17%
simplement
17%
Soigneur
17%
Soins
17%
sourire.
17%
tapota
17%
Toutefois,
17%
urgence.
17%
voix
17%
arborait
0%
grimace
0%
honnĂŞte,
0%
incongrue
0%
indéfectible
0%
opératoire.
0%
parasitage
0%
patient,
0%
rarement
0%
remarqua
0%
vertueux,
0%
Aucun quiz correspondant
Distribution des résultats
% des personnes avec chaque résultat
Percentile par nombre de réponses
Votre historique - résultats
Vous n’avez pas pris ce quiz